| 000 | 00763nam a2200133Ia 4500 | ||
|---|---|---|---|
| 008 | 100328s9999 xx 000 0 und d | ||
| 082 | _b64052 | ||
| 100 | _aचौगुले सरोज. | ||
| 245 | _aअंधारातून प्रकाशाकडे /नवी पहाट/परिमार्जन (तीन लघु एकांकिका). | ||
| 260 | _bसार्थक. | ||
| 630 | _aअंधारातून प्रकाशाकडे /नवी पहाट/परिमार्जन (तीन लघु एकांकिका). | ||
| 730 | _aअंधारातून प्रकाशाकडे /नवी पहाट/परिमार्जन (तीन लघु एकांकिका). | ||
| 942 | _cBOOK | ||
| 999 |
_c549876 _d549873 |
||